Dernière Coupe du Monde de Football gagnée - Statistiques

Statistiques générales
  • Ce quiz a été pris 444 fois
  • Le résultat moyen est 7 sur 8
Statistiques - réponses
Hint Réponse % Correct
France 2018
96%
Argentine 2022
96%
Allemagne 2014
91%
Italie 2006
89%
Espagne 2010
89%
Angleterre 1966
83%
Brésil 2002
82%
Uruguay 1950
81%
Aucun quiz correspondant
Distribution des résultats
% des personnes avec chaque résultat
Percentile par nombre de réponses
Votre historique - résultats
Vous n’avez pas pris ce quiz